| 000 | 00867nam0a22002411 4500 | ||
|---|---|---|---|
| 001 | rc\2935306 | ||
| 005 | 20250806211434.0 | ||
| 035 | _a(NLR Aleph) 007084455 | ||
| 090 |
_a15324 _c15324 |
||
| 100 | _a20110822d1943 u y0rusy50 ca | ||
| 101 | 0 | _arus | |
| 102 | _aRU | ||
| 105 | _aa z ||||| | ||
| 200 | 1 |
_aИнструкция по изготовлению на местах упрощенной маски-противогаза УМП-4 _fГл. упр. местной противовоздушной обороны НКВД СССР |
|
| 210 |
_a[Ленинград] _cЛениздат _d1943 |
||
| 215 |
_a22 с. _cил., черт. _d14 см |
||
| 801 | 0 |
_aRU _bNLR _gpsbo |
|
| 801 | 1 |
_aRU _bELAR _2rusmarc |
|
| 852 |
_aNLR _jВ60 Г-2/430 |
||
| 942 | _cBOOK | ||
| 945 | _aРоссийская национальная библиотека | ||
| 980 | _aNB | ||
| 980 | _aBV | ||